Score 0/5 Timer 05:00
0 Plays Today
Role Character Name % Correct
HitterEliot Spencer
98.6%
ThiefParker
97.3%
GrifterSophie Devereaux
96.8%
MastermindNathan Ford
96.4%
HackerAlec Hardison
95.9%
Come Together.
Have Fun.
All Virtual.
We all need to come together. Play Sporcle's virtual live trivia to have fun, connect with people, and get your trivia on. Join a live hosted trivia game for your favorite pub trivia experience done virtually. If a virtual private party is more your thing, go here for details.

You're not logged in!

Compare scores with friends on all Sporcle quizzes.
OR
Log In

Sporcle TV

Today on Sporcle TV


Watch our educational content, quiz creation guides, and fun videos on Sporcle TV.

Show Comments

Extras

Created Feb 28, 2011ReportNominate
Tags:TV Show Quiz, Character, Leverage

Top Quizzes Today


Score Distribution

Paid Content

Your Account Isn't Verified!

In order to create a playlist on Sporcle, you need to verify the email address you used during registration. Go to your Sporcle Settings to finish the process.

Report this User

Report this user for behavior that violates our Community Guidelines.

Details: